[Event "Koge Bugt Vinter 2010"]
[Site "Solrod"]
[Date "2010.02.17"]
[Round "4.3"]
[White "Larsen, Jan Robert"]
[Black "Meyer, Johannes S. August "]
[Result "1-0"]
[WhiteElo "1788"]
[BlackElo "1379"]
[PlyCount "93"]
[EventDate "2010.??.??"]
[WhiteTeam "Vordingborg Skakklub"]
[BlackTeam "Solrød Skakklub"]

1. e4 c6 2. d4 d5 3. Nc3 dxe4 4. Nxe4 Nf6 5. Ng3 Bg4 6. Be2 Bxe2 7. N1xe2 g6 8.
h4 h5 9. Qd3 Qa5+ 10. Bd2 Qb5 11. c4 Qb6 12. Bc3 Nbd7 13. O-O O-O-O 14. a4 Ne5
15. c5 Nxd3 16. cxb6 Bh6 17. f4 Nd5 18. bxa7 Kc7 19. a5 Ra8 20. Ra4 N3xf4 21.
Nxf4 Nxf4 22. d5 f6 23. Raxf4 Bxf4 24. Rxf4 cxd5 25. Bd4 Kd7 26. Bb6 Rhc8 27.
b4 Rc1+ 28. Kh2 Rb1 29. Bc5 Rc1 30. Bb6 Rb1 31. Ne2 e5 32. Rxf6 Rxb4 33. Rf7+
Kc6 34. Rc7+ Kb5 35. Rxb7 Ka6 36. Rb8 Rxh4+ 37. Kg3 Rg4+ 38. Kf2 Rxa7 39. Bxa7
Kxa7 40. Rb5 Ra4 41. Rxd5 Ka6 42. Rxe5 h4 43. Kg1 Rg4 44. Kh2 Ra4 45. Kh3 Rc4
46. Ng1 Rc1 47. Nf3 1-0

[Event "Koge Bugt Vinter 2010"]
[Site "Solrod"]
[Date "2010.02.17"]
[Round "4.4"]
[White "Christensen, Verner"]
[Black "Johannsen, Bjørn"]
[Result "1-0"]
[WhiteElo "1978"]
[BlackElo "1553"]
[PlyCount "51"]
[EventDate "2010.??.??"]
[WhiteTeam "Solrød Skakklub"]
[BlackTeam "Haslev Skakklub"]

1. e4 c5 2. d4 cxd4 3. c3 dxc3 4. Nxc3 e6 5. Bc4 Nc6 6. Nf3 a6 7. O-O b5 8. Bb3
Bb7 9. Qe2 Qc7 10. Rd1 Rd8 11. Bg5 Be7 12. Nd5 exd5 13. exd5 d6 14. dxc6 Bxc6
15. Rac1 Qb7 16. Rc3 Kf8 17. Re3 f6 18. Bf4 g5 19. Bg3 h5 20. h4 g4 21. Nd4 Rd7
22. Nxc6 Qxc6 23. Rc3 Qb7 24. Bd5 Qb8 25. Qe6 Qe8 26. Bc6 1-0

[Event "Koge Bugt Vinter 2010"]
[Site "Solrod"]
[Date "2010.02.17"]
[Round "4.5"]
[White "Pondal, Jesper"]
[Black "Kirkebække, Mark"]
[Result "1-0"]
[WhiteElo "1821"]
[BlackElo "1355"]
[PlyCount "59"]
[EventDate "2010.??.??"]
[WhiteTeam "Køge Skakklub"]
[BlackTeam "Tåstrup Skakforening"]

1. d4 d5 2. c4 c6 3. Nc3 Nf6 4. Bg5 e6 5. e3 Bd6 6. Nf3 O-O 7. Bd3 Nbd7 8. O-O
h6 9. Bh4 e5 10. cxd5 cxd5 11. Nxd5 g5 12. Nxf6+ Nxf6 13. dxe5 gxh4 14. exd6 h3
15. g3 Bg4 16. Be2 Qb6 17. Qd4 Qxd4 18. Nxd4 Bxe2 19. Nxe2 Rad8 20. Rfd1 Ne4
21. Rd4 Ng5 22. Kh1 Rd7 23. Rad1 Rfd8 24. f4 Ne6 25. Rd5 Ng7 26. e4 f6 27. Ng1
Ne8 28. e5 fxe5 29. fxe5 Rc8 30. e6 1-0

[Event "Koge Bugt Vinter 2010"]
[Site "Solrod"]
[Date "2010.02.17"]
[Round "4.7"]
[White "Krog-Jensen, Werner"]
[Black "Hansen, Erik Levin"]
[Result "0-1"]
[WhiteElo "1424"]
[BlackElo "1486"]
[PlyCount "84"]
[EventDate "2010.??.??"]
[WhiteTeam "Solrød Skakklub"]
[BlackTeam "Haslev Skakklub"]

1. f4 Nf6 2. Nf3 d5 3. e3 c5 4. Bb5+ Bd7 5. Bxd7+ Nbxd7 6. O-O e6 7. d3 Be7 8.
Nbd2 O-O 9. e4 dxe4 10. dxe4 Qc7 11. e5 Nd5 12. Nb3 c4 13. Nbd4 Bc5 14. c3 b5
15. Kh1 a6 16. Ng5 Qb6 17. Ne4 Rad8 18. Rf3 b4 19. Ne2 f6 20. Qc2 f5 21. Nd2
Ne3 22. Rxe3 Bxe3 23. Nxc4 Qb5 24. Nxe3 Nc5 25. Nd4 Qb6 26. Nc4 Qb7 27. Nd6 Qd5
28. Be3 Rb8 29. Rd1 Qxa2 30. Nc6 bxc3 31. Nxb8 Rxb8 32. Nc4 cxb2 33. Rb1 Na4
34. Bd4 Rc8 35. Qd3 Rxc4 36. Bxb2 Rc8 37. Bd4 Qd5 38. Rg1 Rc4 39. Qb1 Rxd4 40.
Qb8+ Qd8 41. Qb3 Nc5 42. Qb6 Qxb6 0-1

[Event "Koge Bugt Vinter 2010"]
[Site "Solrod"]
[Date "2010.02.17"]
[Round "4.8"]
[White "Nielsen, Steen"]
[Black "Hein, Jacob"]
[Result "1-0"]
[WhiteElo "1431"]
[BlackElo "1550"]
[PlyCount "47"]
[EventDate "2010.??.??"]
[WhiteTeam "Solrød Skakklub"]
[BlackTeam "Espergærde Skakklub"]

1. d4 Nf6 2. c4 c5 3. d5 d6 4. Nc3 g6 5. e4 e5 6. Bg5 Bg7 7. Qd2 a6 8. g3 Bd7
9. Bh3 Qc7 10. f4 Ng4 11. Nge2 b5 12. O-O b4 13. Nd1 Bf6 14. Bxg4 Bxg4 15. Bxf6
Nd7 16. Bxh8 O-O-O 17. Bg7 f5 18. Ne3 Bxe2 19. Qxe2 fxe4 20. fxe5 Nxe5 21. Bxe5
dxe5 22. Rf6 Kb7 23. Raf1 Rd7 24. Qf2 1-0

[Event "Koge Bugt Vinter 2010"]
[Site "Solrod"]
[Date "2010.02.17"]
[Round "4.9"]
[White "Larsen, Poul M"]
[Black "Øllgaard, Lars"]
[Result "1-0"]
[WhiteElo "1537"]
[BlackElo "1485"]
[PlyCount "43"]
[EventDate "2010.??.??"]
[WhiteTeam "Haslev Skakklub"]
[BlackTeam "Solrød Skakklub"]

1. d4 d5 2. c4 e6 3. Nf3 Nf6 4. Nc3 Nc6 5. e3 Be7 6. Bd3 Ng4 7. h3 Nf6 8. a3 b6
9. O-O h5 10. Qc2 Qd6 11. Nb5 Qd7 12. Ne5 Nxe5 13. dxe5 c6 14. exf6 Bxf6 15.
Nc3 g5 16. cxd5 exd5 17. e4 g4 18. exd5 gxh3 19. Ne4 h2+ 20. Kh1 Ke7 21. Nxf6
Kxf6 22. Qc3+ 1-0

[Event "Koge Bugt Vinter 2010"]
[Site "Solrod"]
[Date "2010.03.03"]
[Round "5.1"]
[White "Nielsen, Jan Mose"]
[Black "Jørgensen, Leif"]
[Result "1-0"]
[WhiteElo "2128"]
[BlackElo "1710"]
[PlyCount "35"]
[EventDate "2010.??.??"]
[WhiteTeam "Tåstrup Skakforening"]
[BlackTeam "Solrød Skakklub"]

1. e4 e5 2. Bc4 Nf6 3. d4 Bd6 4. f4 Nxe4 5. dxe5 Qh4+ 6. g3 Nxg3 7. Nf3 Qh6 8.
Rg1 Bb4+ 9. c3 Bxc3+ 10. Nxc3 Nf5 11. Qd3 d6 12. Nd5 Kd8 13. Ne3 g6 14. exd6
cxd6 15. Nxf5 gxf5 16. Be3 Nc6 17. O-O-O Kc7 18. Ng5 1-0

[Event "Koge Bugt Vinter 2010"]
[Site "Solrod"]
[Date "2010.03.03"]
[Round "5.2"]
[White "Forsmann, Henning"]
[Black "Krogh, Peter Ove"]
[Result "0-1"]
[WhiteElo "1770"]
[BlackElo "1918"]
[PlyCount "86"]
[EventDate "2010.??.??"]
[WhiteTeam "Solrød Skakklub"]
[BlackTeam "Køge Skakklub"]

1. c4 Nf6 2. Nc3 e6 3. Nf3 c5 4. e4 Nc6 5. Be2 a6 6. d4 cxd4 7. Nxd4 Bb4 8.
Nxc6 bxc6 9. Bf3 Qa5 10. Bd2 Qc7 11. O-O Rb8 12. Qe2 Bd6 13. h3 Rxb2 14. Na4
Rb8 15. c5 Be5 16. Rab1 Rb5 17. Rfe1 O-O 18. g4 h6 19. h4 Nh7 20. g5 hxg5 21.
hxg5 Bf4 22. Nb6 Nxg5 23. Bg2 f6 24. a4 Rxb1 25. Rxb1 d5 26. Bc3 Bh2+ 27. Kf1
Be5 28. Ba5 dxe4 29. Bxe4 Bd4 30. Qc4 Qe5 31. Bxc6 Qf4 32. Rb2 Nh3 33. Nxc8 Qg4
34. Bg2 Rxc8 35. Re2 Nf4 36. f3 Qh4 37. Be1 Qh2 38. Qxd4 Nxe2 39. Qg4 f5 40.
Qg6 Nf4 41. Qg5 Qxg2+ 42. Qxg2 Nxg2 43. Kxg2 Rxc5 0-1

[Event "Koge Bugt Vinter 2010"]
[Site "Solrod"]
[Date "2010.03.03"]
[Round "5.3"]
[White "Sørensen, Aron Frank"]
[Black "Christensen, Verner"]
[Result "0-1"]
[WhiteElo "1573"]
[BlackElo "1978"]
[PlyCount "64"]
[EventDate "2010.??.??"]
[WhiteTeam "Solrød Skakklub"]
[BlackTeam "Solrød Skakklub"]

1. d4 d5 2. c4 e5 3. cxd5 Qxd5 4. Nc3 Bb4 5. dxe5 Bxc3+ 6. bxc3 Qxe5 7. Qa4+
Bd7 8. Qc4 Bc6 9. Bf4 Qe7 10. Rd1 Nf6 11. Nf3 O-O 12. Nd4 Bd5 13. Qxc7 Qxc7 14.
Bxc7 Bxa2 15. Ra1 Bc4 16. Ra4 b5 17. Ra3 Nd5 18. Ba5 a6 19. g3 Nd7 20. Bg2 Rfe8
21. Kd2 Rac8 22. Re1 g6 23. e4 N5f6 24. Bh3 Be6 25. Nxe6 fxe6 26. f4 Nc5 27.
Bg2 Re7 28. Kc2 Rd7 29. e5 Nd5 30. Bxd5 Rxd5 31. Bb6 Na4 32. Bd4 Rxd4 0-1

[Event "Koge Bugt Vinter 2010"]
[Site "Solrod"]
[Date "2010.03.03"]
[Round "5.4"]
[White "Hansen, Erik Levin"]
[Black "Pondal, Jesper"]
[Result "0-1"]
[WhiteElo "1486"]
[BlackElo "1821"]
[PlyCount "73"]
[EventDate "2010.??.??"]
[WhiteTeam "Haslev Skakklub"]
[BlackTeam "Køge Skakklub"]

1. e4 c5 2. Nf3 d6 3. d4 cxd4 4. Nxd4 Nf6 5. Nc3 a6 6. Bg5 e6 7. Bd3 Be7 8. O-O
Qc7 9. Kh1 O-O 10. f4 b5 11. a3 Bb7 12. Qe2 Nbd7 13. Rae1 Qb6 14. Nf3 e5 15.
Nd5 Nxd5 16. exd5 f6 17. Bf5 fxg5 18. Bxd7 gxf4 19. Be6+ Kh8 20. Qd3 Bc8 21.
Nd4 Bh4 22. Nf3 Bxe1 23. Ng5 g6 24. Qh3 h5 25. Rxe1 Qf2 26. Rg1 Kg7 27. Bxc8
Raxc8 28. Qd7+ Kh6 29. Nf7+ Rxf7 30. Qxc8 Qa7 31. h4 Kg7 32. Qc6 Qe7 33. g3
fxg3 34. Rxg3 Qxh4+ 35. Kg2 Qe4+ 36. Kg1 Qe1+ 37. Kg2 0-1

[Event "Koge Bugt Vinter 2010"]
[Site "Solrod"]
[Date "2010.03.03"]
[Round "5.5"]
[White "Nielsen, Kai Gylling"]
[Black "Krag-Jacobsen, Alan"]
[Result "1-0"]
[WhiteElo "1890"]
[BlackElo "1429"]
[PlyCount "59"]
[EventDate "2010.??.??"]
[WhiteTeam "Roskilde Skakklub"]
[BlackTeam "Solrød Skakklub"]

1. e4 e5 2. Nf3 Nc6 3. Bc4 Nf6 4. Nc3 Nxe4 5. Bxf7+ Kxf7 6. Nxe4 Be7 7. d3 Rf8
8. h4 d6 9. h5 h6 10. Be3 Bf5 11. Ng3 Bh7 12. c3 Bf6 13. Qb3+ Ke8 14. Qxb7 Kd7
15. Qa6 Qe7 16. Ne4 Bxe4 17. dxe4 Rfb8 18. O-O-O Qe6 19. Nd2 Qe7 20. Nb3 Nd8
21. Qa4+ c6 22. g3 Bg5 23. f4 exf4 24. gxf4 Bf6 25. e5 Bxe5 26. fxe5 Qxe5 27.
Bf4 Qf5 28. Bxd6 Rb5 29. Nc5+ Kc8 30. Qa6+ 1-0

[Event "Koge Bugt Vinter 2010"]
[Site "Solrod"]
[Date "2010.03.03"]
[Round "5.6"]
[White "Orup, Kim Amdi"]
[Black "Johannsen, Bjørn"]
[Result "0-1"]
[WhiteElo "1464"]
[BlackElo "1553"]
[PlyCount "70"]
[EventDate "2010.??.??"]
[WhiteTeam "Køge Skakklub"]
[BlackTeam "Haslev Skakklub"]

1. e4 c5 2. f4 Nc6 3. Nf3 e6 4. Bb5 Nge7 5. Nc3 a6 6. Bxc6 Nxc6 7. d3 Be7 8. h4
Nd4 9. g3 b5 10. Nxd4 cxd4 11. Ne2 Qb6 12. Bd2 Bb7 13. g4 b4 14. Ng3 a5 15. f5
Qc7 16. Kf2 Ra6 17. Ne2 e5 18. Ng3 Rc6 19. Rc1 Qd8 20. g5 d5 21. Qg4 Qc8 22.
Qd1 dxe4 23. dxe4 Bc5 24. Kf3 Bb6 25. h5 Qd7 26. c3 dxc3 27. bxc3 Rd6 28. Rc2
Rd3+ 29. Kg2 Be3 30. cxb4 Bxd2 31. bxa5 Bf4 32. Rc7 Rxg3+ 33. Kf2 Qxc7 34. Qa4+
Qc6 35. a6 Qxa4 0-1

[Event "Koge Bugt Vinter 2010"]
[Site "Solrod"]
[Date "2010.03.03"]
[Round "5.7"]
[White "Meyer, Johannes S. August "]
[Black "Krog-Jensen, Werner"]
[Result "1-0"]
[WhiteElo "1379"]
[BlackElo "1424"]
[PlyCount "61"]
[EventDate "2010.??.??"]
[WhiteTeam "Solrød Skakklub"]
[BlackTeam "Solrød Skakklub"]

1. g3 e5 2. Bg2 d5 3. Nf3 e4 4. Nd4 c5 5. Nb3 Nc6 6. e3 Bd6 7. d3 f5 8. dxe4
dxe4 9. Nc3 Nf6 10. Nb5 Bb8 11. Qxd8+ Nxd8 12. Nxc5 O-O 13. O-O a6 14. Nd4 Ba7
15. Ncb3 Ne6 16. Nxf5 Nc5 17. Ne7+ Kh8 18. Nxc8 Raxc8 19. Nxc5 Bxc5 20. Bd2
Rce8 21. c4 Ng4 22. h3 Nh6 23. Rfd1 Nf5 24. b4 Bd6 25. Bc3 Bb8 26. Rd7 Kg8 27.
g4 Ne7 28. Rxb7 Rf7 29. Bxe4 Ref8 30. f3 Bg3 31. Kg2 1-0

[Event "Koge Bugt Vinter 2010"]
[Site "Solrod"]
[Date "2010.03.03"]
[Round "5.8"]
[White "Refsgaard, Kaj"]
[Black "Thomsen, Heinrich Kirch"]
[Result "1-0"]
[WhiteElo "1797"]
[BlackElo "1240"]
[PlyCount "55"]
[EventDate "2010.??.??"]
[WhiteTeam "Jernbanens Skakklub"]
[BlackTeam "Solrød Skakklub"]

1. f4 Nf6 2. Nc3 g6 3. e4 d6 4. Bc4 Bg7 5. d3 O-O 6. Nf3 Nbd7 7. O-O Nb6 8. Bb3
c5 9. Be3 Ng4 10. Bd2 Kh8 11. Ng5 Bd4+ 12. Kh1 Nf2+ 13. Rxf2 Bxf2 14. Nxf7+
Rxf7 15. Bxf7 e6 16. Qf3 Bd4 17. f5 exf5 18. exf5 Bxf5 19. Qxb7 Qf6 20. Bb3 Rf8
21. Rf1 Nd7 22. Qf3 Ne5 23. Qf4 Ng4 24. g3 Nf2+ 25. Rxf2 Bxf2 26. Qxf2 Be4+ 27.
Nxe4 Qxf2 28. Bc3+ 1-0

[Event "Koge Bugt Vinter 2010"]
[Site "Solrod"]
[Date "2010.03.03"]
[Round "5.9"]
[White "Kirkebække, Mark"]
[Black "Larsen, Poul M"]
[Result "1-0"]
[WhiteElo "1355"]
[BlackElo "1537"]
[PlyCount "49"]
[EventDate "2010.??.??"]
[WhiteTeam "Tåstrup Skakforening"]
[BlackTeam "Haslev Skakklub"]

1. e4 c6 2. d4 d5 3. e5 c5 4. c3 Nc6 5. f4 Bf5 6. dxc5 e6 7. b4 a5 8. b5 Na7 9.
Be3 Qc8 10. Qd4 Ne7 11. Nd2 Bg4 12. Qa4 Nf5 13. Bf2 Bxc5 14. b6+ Qc6 15. Qxc6+
Nxc6 16. Bxc5 Nfe7 17. Bb5 O-O 18. Bxc6 Nxc6 19. Bxf8 Kxf8 20. Ne2 Bxe2 21.
Kxe2 d4 22. Rhc1 dxc3 23. Rxc3 Rd8 24. Rd3 Nd4+ 25. Kf2 1-0

[Event "Koge Bugt Vinter 2010"]
[Site "Solrod"]
[Date "2010.03.03"]
[Round "5.10"]
[White "Hein, Jacob"]
[Black "Jensen, Carsten"]
[Result "1/2-1/2"]
[WhiteElo "1550"]
[BlackElo "1109"]
[PlyCount "88"]
[EventDate "2010.??.??"]
[WhiteTeam "Espergærde Skakklub"]
[BlackTeam "Enkeltmedlemmer"]

1. f4 d5 2. Nf3 Nc6 3. b3 e6 4. Bb2 Bd6 5. e3 Nf6 6. Be2 Bd7 7. O-O Qe7 8. Nc3
a6 9. a3 b5 10. Qe1 b4 11. axb4 Nxb4 12. Qb1 O-O 13. Nd1 Bb5 14. c4 dxc4 15.
bxc4 Bc6 16. Ng5 g6 17. Nf2 Bc5 18. d4 Ba7 19. Bd3 Nxd3 20. Qxd3 Rab8 21. Ba3
Qd8 22. Bxf8 Qxf8 23. Rxa6 Bb6 24. c5 Bxc5 25. Rxc6 Bb6 26. Nfe4 Nxe4 27. Qxe4
Re8 28. Rxe6 fxe6 29. Kh1 Qf5 30. Qc6 Re7 31. e4 Qf6 32. d5 Kh8 33. Nxe6 h5 34.
f5 Qe5 35. Qa8+ Kh7 36. Nf8+ Kg7 37. Nxg6 Re8 38. Qa4 Qxe4 39. Qd7+ Kh6 40. Qc6
Kg5 41. h4+ Kg4 42. Rf4+ Qxf4 43. Nxf4 Re1+ 44. Kh2 Bg1+ 1/2-1/2

[Event "Koge Bugt Vinter 2010"]
[Site "Solrod"]
[Date "2010.03.17"]
[Round "6.1"]
[White "Johannsen, Bjørn"]
[Black "Nielsen, Jan Mose"]
[Result "0-1"]
[WhiteElo "1553"]
[BlackElo "2128"]
[PlyCount "58"]
[EventDate "2010.??.??"]
[WhiteTeam "Haslev Skakklub"]
[BlackTeam "Tåstrup Skakforening"]

1. d4 Nf6 2. Bf4 d5 3. e3 c5 4. c3 Nc6 5. Bd3 Qb6 6. Qc2 c4 7. Be2 Bf5 8. Qc1
e6 9. Nf3 Be7 10. Nbd2 Rc8 11. Nh4 Bg6 12. Nxg6 hxg6 13. h3 Nh5 14. Bh2 f5 15.
Nf3 Qd8 16. Qc2 Nf6 17. Ng5 Qd7 18. f4 Nd8 19. Nf3 Nf7 20. a4 a5 21. Rb1 Ne4
22. Bg1 g5 23. Nd2 Ng3 24. Rh2 Qc7 25. fxg5 Bxg5 26. Nf3 Be7 27. Bf2 Ne4 28.
Rh1 Bd6 29. Rf1 Bg3 0-1

[Event "Koge Bugt Vinter 2010"]
[Site "Solrod"]
[Date "2010.03.17"]
[Round "6.2"]
[White "Jørgensen, Leif"]
[Black "Krogh, Peter Ove"]
[Result "0-1"]
[WhiteElo "1710"]
[BlackElo "1918"]
[PlyCount "90"]
[EventDate "2010.??.??"]
[WhiteTeam "Solrød Skakklub"]
[BlackTeam "Køge Skakklub"]

1. e4 c5 2. Nf3 a6 3. Bc4 e6 4. O-O b5 5. Be2 Bb7 6. d3 Qc7 7. Re1 Ne7 8. g3
Nbc6 9. Be3 Ng6 10. d4 cxd4 11. Bxd4 Nxd4 12. Nxd4 e5 13. Nf3 Bb4 14. c3 Bc5
15. Qd3 Qb6 16. Rf1 Rd8 17. b4 Be7 18. Nbd2 d5 19. exd5 Bxd5 20. Qe3 Qxe3 21.
fxe3 Rc8 22. e4 Bb7 23. Rac1 O-O 24. a3 Rfd8 25. Rfd1 Bf6 26. Rc2 h6 27. h4 Nf8
28. Rdc1 Ne6 29. Kf2 g5 30. hxg5 Nxg5 31. c4 Nxe4+ 32. Ke1 Nxg3 33. cxb5 Nxe2
34. Rxc8 Rxc8 35. Rxc8+ Bxc8 36. Kxe2 axb5 37. Ne4 Kg7 38. Nd6 Bd7 39. Kd3 h5
40. Ke3 h4 41. Ne4 h3 42. Nxf6 Kxf6 43. Kf2 e4 44. Nh2 Ke5 45. Ke3 f5 0-1

[Event "Koge Bugt Vinter 2010"]
[Site "Solrod"]
[Date "2010.03.17"]
[Round "6.3"]
[White "Nielsen, Kai Gylling"]
[Black "Forsmann, Henning"]
[Result "1-0"]
[WhiteElo "1890"]
[BlackElo "1770"]
[PlyCount "91"]
[EventDate "2010.??.??"]
[WhiteTeam "Roskilde Skakklub"]
[BlackTeam "Solrød Skakklub"]

1. e4 c6 2. d4 d5 3. Nc3 dxe4 4. Nxe4 Nd7 5. Nf3 e6 6. Bd3 Ngf6 7. Ng3 Bd6 8.
O-O O-O 9. c4 Re8 10. Ne4 Nxe4 11. Bxe4 Nf6 12. Bc2 Qc7 13. Bg5 Be7 14. Qd3 g6
15. Rad1 c5 16. Ne5 cxd4 17. Qxd4 Nh5 18. Bxe7 Qxe7 19. Ba4 Rf8 20. Rfe1 Ng7
21. Qf4 g5 22. Qf3 f6 23. Ng4 h5 24. Nh6+ Kh7 25. Nf5 Qb4 26. Nxg7 Kxg7 27. Bb3
Kg6 28. Qd3+ f5 29. Re5 Qb6 30. c5 Qc6 31. Qc4 Qc7 32. Qe2 Rf6 33. Rd6 Qg7 34.
Bxe6 Bxe6 35. Rexe6 Raf8 36. Re7 R8f7 37. Rdd7 Rxe7 38. Rxe7 Qf8 39. b4 Qc8 40.
h3 g4 41. h4 a6 42. Qe3 f4 43. Qe5 Qf5 44. Qxf5+ Kxf5 45. Rxb7 Rc6 46. Rb6 1-0

[Event "Koge Bugt Vinter 2010"]
[Site "Solrod"]
[Date "2010.03.17"]
[Round "6.4"]
[White "Christensen, Verner"]
[Black "Hansen, Erik Levin"]
[Result "1-0"]
[WhiteElo "1978"]
[BlackElo "1486"]
[PlyCount "55"]
[EventDate "2010.??.??"]
[WhiteTeam "Solrød Skakklub"]
[BlackTeam "Haslev Skakklub"]

1. e4 e5 2. Nc3 Nc6 3. Bc4 d6 4. d3 Be7 5. Nf3 Bg4 6. h3 Bh5 7. g4 Bg6 8. Be3
h5 9. Nh2 Bg5 10. Qd2 Bxe3 11. Qxe3 Nge7 12. O-O-O a6 13. f4 exf4 14. Qxf4 Nd4
15. Rdf1 Ne6 16. Qf2 Qd7 17. Nf3 f6 18. Nh4 Bf7 19. Nf5 Nxf5 20. exf5 Ng5 21.
Re1+ Kd8 22. Nd5 Re8 23. h4 Bxd5 24. Bxd5 Nf7 25. Bxb7 Rb8 26. Qa7 Rxb7 27.
Qxb7 Ne5 28. d4 1-0

[Event "Koge Bugt Vinter 2010"]
[Site "Solrod"]
[Date "2010.03.17"]
[Round "6.5"]
[White "Kirkebække, Mark"]
[Black "Refsgaard, Kaj"]
[Result "1/2-1/2"]
[WhiteElo "1355"]
[BlackElo "1797"]
[PlyCount "76"]
[EventDate "2010.??.??"]
[WhiteTeam "Tåstrup Skakforening"]
[BlackTeam "Jernbanens Skakklub"]

1. e4 c5 2. f4 d6 3. Nf3 g6 4. Bc4 Nc6 5. O-O Na5 6. Bb5+ Bd7 7. Qe2 Nc6 8. Nc3
Bg7 9. Bxc6 Bxc6 10. e5 d5 11. d4 b6 12. Be3 c4 13. b3 b5 14. b4 e6 15. a3 Ne7
16. Nh4 O-O 17. a4 a6 18. a5 Bd7 19. Qe1 Nc6 20. Na2 f6 21. Nf3 Qe7 22. c3 Rf7
23. Nc1 Raf8 24. Ne2 fxe5 25. fxe5 Qd8 26. Qg3 Ne7 27. Bg5 Qe8 28. Nh4 Nf5 29.
Nxf5 Rxf5 30. Rxf5 Rxf5 31. Rf1 Qf7 32. Rf4 Be8 33. Bd8 Bh6 34. Rf2 Rxf2 35.
Qxf2 Qxf2+ 36. Kxf2 Bd2 37. h4 Kg7 38. g4 h6 1/2-1/2

[Event "Koge Bugt Vinter 2010"]
[Site "Solrod"]
[Date "2010.03.17"]
[Round "6.6"]
[White "Larsen, Jan Robert"]
[Black "Hein, Jacob"]
[Result "1-0"]
[WhiteElo "1788"]
[BlackElo "1550"]
[PlyCount "51"]
[EventDate "2010.??.??"]
[WhiteTeam "Vordingborg Skakklub"]
[BlackTeam "Espergærde Skakklub"]

1. e4 c5 2. Nc3 g6 3. g3 Bg7 4. Bg2 Nc6 5. d3 a6 6. Be3 d6 7. Nge2 Bd7 8. O-O
Rc8 9. Qd2 h5 10. h3 e6 11. f4 Nge7 12. e5 dxe5 13. Ne4 Nd4 14. Nd6+ Kf8 15.
Nxc8 Qxc8 16. fxe5 Bxe5 17. Nf4 Bc6 18. Bxc6 Qxc6 19. Qf2 Ndf5 20. Bxc5 Nxg3
21. Nxg6+ Ke8 22. Qxf7+ Kd8 23. Qxe7+ Kc8 24. Rf8+ Rxf8 25. Qxf8+ Kd7 26. Nxe5+
1-0

[Event "Koge Bugt Vinter 2010"]
[Site "Solrod"]
[Date "2010.03.17"]
[Round "6.7"]
[White "Krag-Jacobsen, Alan"]
[Black "Meyer, Johannes S. August "]
[Result "1/2-1/2"]
[WhiteElo "1429"]
[BlackElo "1379"]
[PlyCount "103"]
[EventDate "2010.??.??"]
[WhiteTeam "Solrød Skakklub"]
[BlackTeam "Solrød Skakklub"]

1. e4 c6 2. d4 d5 3. exd5 cxd5 4. c4 Nf6 5. Nc3 e6 6. c5 b6 7. b4 Bd7 8. Nf3 a5
9. Ba3 axb4 10. Bxb4 Nc6 11. a3 bxc5 12. dxc5 Qb8 13. Rb1 Qa7 14. Nb5 Qb7 15.
Qd3 Nxb4 16. axb4 Bxb5 17. Qxb5+ Qxb5 18. Bxb5+ Nd7 19. Ne5 Ra7 20. Bxd7+ Rxd7
21. Nxd7 Kxd7 22. O-O Be7 23. Ra1 Bf6 24. Ra7+ Kc6 25. Rb1 Rb8 26. Ra2 Bd4 27.
Rc2 f6 28. Rcc1 g5 29. Kf1 h5 30. h3 f5 31. Ke2 e5 32. Rd1 Kd7 33. b5 Ke6 34.
c6 Bb6 35. Rdc1 Bc7 36. Rc2 e4 37. Ra2 d4 38. Ra6 d3+ 39. Kd2 Kd5 40. Ra4 Bb6
41. Ke1 f4 42. Rb3 g4 43. hxg4 hxg4 44. f3 Rh8 45. Rxe4 Rh1+ 46. Kd2 Ba5+ 47.
Kxd3 Rd1+ 48. Ke2 Rd2+ 49. Kf1 Rd1+ 50. Ke2 Rd2+ 51. Kf1 Rd1+ 52. Ke2 1/2-1/2

[Event "Koge Bugt Vinter 2010"]
[Site "Solrod"]
[Date "2010.03.17"]
[Round "6.9"]
[White "Orup, Kim Amdi"]
[Black "Jensen, Carsten"]
[Result "1-0"]
[WhiteElo "1464"]
[BlackElo "1109"]
[PlyCount "33"]
[EventDate "2010.??.??"]
[WhiteTeam "Køge Skakklub"]
[BlackTeam "Enkeltmedlemmer"]

1. e4 c5 2. f4 e6 3. Nf3 Nc6 4. Bb5 a6 5. Bxc6 bxc6 6. d3 g6 7. Be3 d5 8. Nbd2
Qb6 9. Rb1 Bg7 10. e5 Ne7 11. b4 d4 12. bxc5 Qxc5 13. Bxd4 Qd5 14. c4 Qd7 15.
Ne4 O-O 16. g4 a5 17. Nf6+ 1-0

[Event "Koge Bugt Vinter 2010"]
[Site "Solrod"]
[Date "2010.03.17"]
[Round "6.10"]
[White "Thomsen, Heinrich Kirch"]
[Black "Jensen, Kaj T"]
[Result "1-0"]
[WhiteElo "1240"]
[BlackElo "1000"]
[PlyCount "47"]
[EventDate "2010.??.??"]
[WhiteTeam "Solrød Skakklub"]
[BlackTeam "Haslev Skakklub"]

1. e4 e6 2. d4 Bb4+ 3. Nc3 Ne7 4. Nf3 O-O 5. Bd3 d6 6. O-O b6 7. a3 Bxc3 8.
bxc3 Bb7 9. Bf4 Nd7 10. Qd2 f6 11. Bg3 e5 12. Nh4 a5 13. f4 exf4 14. Qxf4 g5
15. Qg4 Kh8 16. Nf5 Bc8 17. h4 Rg8 18. Nh6 Rg7 19. hxg5 Ne5 20. Qh5 Rxg5 21.
Bxe5 dxe5 22. Nf7+ Kg7 23. Nxg5 fxg5 24. Rf7+ 1-0

[Event "Koge Bugt Vinter 2010"]
[Site "Solrod"]
[Date "2010.03.24"]
[Round "7.1"]
[White "Nielsen, Jan Mose"]
[Black "Nielsen, Kai Gylling"]
[Result "1-0"]
[WhiteElo "2128"]
[BlackElo "1890"]
[PlyCount "103"]
[EventDate "2010.??.??"]
[WhiteTeam "Tåstrup Skakforening"]
[BlackTeam "Roskilde Skakklub"]

1. d4 Nf6 2. Bg5 e6 3. e4 Be7 4. Nd2 Nc6 5. Ngf3 d6 6. c3 h6 7. Be3 Ng4 8. Bd3
Nxe3 9. fxe3 Bh4+ 10. g3 Bg5 11. Qe2 e5 12. O-O-O a6 13. Qf2 O-O 14. h4 Be7 15.
Nh2 b5 16. Ndf3 b4 17. c4 a5 18. g4 a4 19. h5 f6 20. Nh4 Na5 21. Nf5 Ba6 22.
Qe2 c6 23. Nf3 d5 24. dxe5 dxc4 25. Bxc4+ Bxc4 26. Rxd8 Bxe2 27. Rxa8 Rxa8 28.
N3d4 Bc5 29. Nxe2 fxe5 30. Rd1 Nc4 31. Rd3 Rb8 32. Kc2 b3+ 33. axb3 Rxb3 34.
Rxb3 axb3+ 35. Kc3 Na5 36. Nc1 Kf7 37. Nd3 Be7 38. Nxe7 Kxe7 39. Nc5 Kf6 40.
Kb4 Nb7 41. Nxb7 Kg5 42. Nd6 Kxg4 43. Nf5 Kxh5 44. Nxg7+ Kg4 45. Kxb3 Kf3 46.
Kc3 Kxe4 47. Kd2 c5 48. Ke2 c4 49. Nh5 Kf5 50. Kf3 e4+ 51. Kg3 Ke5 52. Kg4 1-0

[Event "Koge Bugt Vinter 2010"]
[Site "Solrod"]
[Date "2010.03.24"]
[Round "7.2"]
[White "Krogh, Peter Ove"]
[Black "Kirkebække, Mark"]
[Result "1/2-1/2"]
[WhiteElo "1918"]
[BlackElo "1355"]
[PlyCount "138"]
[EventDate "2010.??.??"]
[WhiteTeam "Køge Skakklub"]
[BlackTeam "Tåstrup Skakforening"]

1. c4 c5 2. Nc3 Nc6 3. g3 g6 4. Bg2 Bg7 5. e4 e5 6. Nge2 Nge7 7. O-O O-O 8. d3
d6 9. Rb1 b6 10. a3 a5 11. Nd5 Nxd5 12. cxd5 Ne7 13. b4 f5 14. Bg5 h6 15. Be3
g5 16. f3 f4 17. Bf2 Qd7 18. g4 Ba6 19. Nc3 Rfc8 20. b5 Bb7 21. Qb3 Qd8 22. Na4
Ng6 23. Nb2 Rc7 24. Nc4 Rd7 25. Be1 Qc7 26. Kf2 Kf7 27. Ke2 Rh8 28. Bh3 Rdd8
29. Qa4 Ra8 30. Kd1 Bc8 31. Qc2 h5 32. gxh5 Bxh3 33. hxg6+ Kxg6 34. Rg1 Bf6 35.
Kc1 Kf7 36. Nb2 Rh7 37. Nd1 Rah8 38. Rb2 Qc8 39. Qe2 Rg7 40. Kb1 g4 41. Nf2
gxf3 42. Rxg7+ Bxg7 43. Qxf3 Bd7 44. Qh1 Bh3 45. Ka2 Bf6 46. Qf3 Bd7 47. Qg2
Qg8 48. Qh1 Qh7 49. Nd1 Qh3 50. Nf2 Qxh2 51. Qxh2 Rxh2 52. Kb1 Ke8 53. Kc1 Bh4
54. a4 Kd8 55. Kd1 Be8 56. Ke2 Bh5+ 57. Kf1 Bf3 58. Rd2 Bxf2 59. Bxf2 Ke8 60.
Rb2 Kd7 61. Rb1 Rh1+ 62. Bg1 Bg4 63. Rb2 Rh3 64. Rd2 Rf3+ 65. Kg2 Rg3+ 66. Kh2
Bf3 67. Bf2 Rg8 68. Bh4 Bg4 69. Rg2 Rg6 1/2-1/2